<?xml version="1.0" encoding="UTF-8"?>
<record
    xmlns:xsi="http://www.w3.org/2001/XMLSchema-instance"
    xsi:schemaLocation="http://www.loc.gov/MARC21/slim http://www.loc.gov/standards/marcxml/schema/MARC21slim.xsd"
    xmlns="http://www.loc.gov/MARC21/slim">

  <leader>01558nam a22002537a 4500</leader>
  <controlfield tag="005">20221221144233.0</controlfield>
  <controlfield tag="008">221221b           ||||| |||| 00| 0 eng d</controlfield>
  <datafield tag="020" ind1=" " ind2=" ">
    <subfield code="a">0937944149</subfield>
  </datafield>
  <datafield tag="040" ind1=" " ind2=" ">
    <subfield code="c">AL</subfield>
  </datafield>
  <datafield tag="041" ind1=" " ind2=" ">
    <subfield code="a">eng</subfield>
  </datafield>
  <datafield tag="082" ind1=" " ind2=" ">
    <subfield code="2">23</subfield>
    <subfield code="a">321.922</subfield>
    <subfield code="b">DEVL</subfield>
  </datafield>
  <datafield tag="100" ind1=" " ind2=" ">
    <subfield code="a">Savitri Devi</subfield>
    <subfield code="9">67270</subfield>
  </datafield>
  <datafield tag="245" ind1=" " ind2=" ">
    <subfield code="a">Lightning and the sun</subfield>
  </datafield>
  <datafield tag="260" ind1=" " ind2=" ">
    <subfield code="a">USA</subfield>
    <subfield code="b">National Vanguard Books</subfield>
    <subfield code="c">2000</subfield>
  </datafield>
  <datafield tag="300" ind1=" " ind2=" ">
    <subfield code="a">199p.</subfield>
    <subfield code="b">PB</subfield>
    <subfield code="c">22x15cm.</subfield>
  </datafield>
  <datafield tag="365" ind1=" " ind2=" ">
    <subfield code="2">Political Science</subfield>
  </datafield>
  <datafield tag="520" ind1=" " ind2=" ">
    <subfield code="a">A classic philosophical work about the historical inevitability of cultural decay and rebirth, written by one of Adolf Hitler's most devoted admirers. Savitri Devi couches her arguments in metaphor, using "lightning" to refer to forces of destruction and "sun" to refer to building in accordance with nature's eternal laws. Both are necessary, says Devi, since to build the pure and new one must first sweep away the rotting debris of the corrupt old order. Violence, per se, has no moral assignment; it's either worth its while or not, depending on what it aims for. For illustration, the author examines in detail the lives of three figures from history: Akhnaton, Genghis Khan, and Adolf Hitler. She argues that we are at the end of a cycle of history in which corruption and lies prevail over honor and truth, and that the time is ripe for the storm of violence that will precede the next golden age.</subfield>
  </datafield>
  <datafield tag="650" ind1=" " ind2=" ">
    <subfield code="a">Genghis Khan</subfield>
    <subfield code="9">67271</subfield>
  </datafield>
  <datafield tag="650" ind1=" " ind2=" ">
    <subfield code="a">Gernany</subfield>
    <subfield code="9">67272</subfield>
  </datafield>
  <datafield tag="650" ind1=" " ind2=" ">
    <subfield code="a">Heads of State</subfield>
    <subfield code="9">67273</subfield>
  </datafield>
  <datafield tag="650" ind1=" " ind2=" ">
    <subfield code="a">Adolf Hitler</subfield>
    <subfield code="9">67274</subfield>
  </datafield>
  <datafield tag="700" ind1=" " ind2=" ">
    <subfield code="a">DEVI (Savitri)</subfield>
    <subfield code="9">67275</subfield>
  </datafield>
  <datafield tag="942" ind1=" " ind2=" ">
    <subfield code="2">ddc</subfield>
    <subfield code="c">DB</subfield>
  </datafield>
  <datafield tag="999" ind1=" " ind2=" ">
    <subfield code="c">226007</subfield>
    <subfield code="d">226007</subfield>
  </datafield>
  <datafield tag="952" ind1=" " ind2=" ">
    <subfield code="0">0</subfield>
    <subfield code="1">0</subfield>
    <subfield code="2">ddc</subfield>
    <subfield code="4">0</subfield>
    <subfield code="7">0</subfield>
    <subfield code="8">PS</subfield>
    <subfield code="a">AL</subfield>
    <subfield code="b">AL</subfield>
    <subfield code="d">2014-12-04</subfield>
    <subfield code="l">0</subfield>
    <subfield code="o">321.922 DEVL</subfield>
    <subfield code="p">D05465</subfield>
    <subfield code="r">2022-12-21 00:00:00</subfield>
    <subfield code="w">2022-12-21</subfield>
    <subfield code="y">DB</subfield>
    <subfield code="z">Donated by V. T. Rajshekar</subfield>
  </datafield>
</record>
